Celiar (Record no. 158491)

MARC details
000 -LEADER
campo de control de longitud fija 00952nam a22002175i 4500
001 - NÚMERO DE CONTROL
campo de control 158491
003 - IDENTIFICADOR DE NÚMERO DE CONTROL
campo de control ES-MaACL
005 - FECHA Y HORA DE LA ÚLTIMA TRANSACCIÓN
campo de control 20250911063558.0
008 - DATOS DE LONGITUD FIJA--INFORMACIÓN GENERAL
campo de control de longitud fija 010612s1852 sp a |||| | spa d
040 ## - FUENTE DE CATALOGACIÓN
Centro catalogador/agencia de origen CCPB | B
Lengua de catalogación spa
Centro/agencia transcriptor CCPB | B
100 2# - ENTRADA PRINCIPAL--NOMBRE DE PERSONA
Nombre de persona Magariños Cervantes, Alejandro,
Fechas asociadas al nombre 1825-1893
9 (RLIN) 129338
245 10 - MENCIÓN DEL TÍTULO
Título Celiar
Resto del título : leyenda americana en variedad de metros /
Mención de responsabilidad, etc. por Alejandro Magariños Cervantes ; precedida de un discurso preliminar por Ventura de la Vega.
260 ## - PUBLICACIÓN, DISTRIBUCIÓN, ETC.
Lugar de publicación, distribución, etc. Madrid :
Nombre del editor, distribuidor, etc. [s.n.],
Fecha de publicación, distribución, etc. 1852 (
Fabricante establecimiento tipográfico de F. de P. Mellado)
300 ## - DESCRIPCIÓN FÍSICA
Extensión 120 p. :
Otras características físicas il. ;
Dimensiones 27 cm.
490 1# - MENCIÓN DE SERIE
Mención de serie Biblioteca española
700 11 - ENTRADA AGREGADA--NOMBRE PERSONAL
Nombre de persona Vega, Ventura de la,
Fechas asociadas al nombre 1807-1865
Término indicativo de función/relación
9 (RLIN) 113584
752 ## - ENTRADA AGREGADA--NOMBRE JERÁRQUICO DEL LUGAR
País o entidad superior España -
Ciudad Madrid
830 0# - PUNTO DE ACCESO ADICIONAL DE SERIE-TÍTULO UNIFORME
Título uniforme Biblioteca española
9 (RLIN) 188122
852 ## - LOCALIZACIÓN
Ubicación ES-MaACL
Número de control de estantería C-1880(6)
Nota libre -- Enc. hol.
-- -- Legado M. de la Fuente
condición física -- Falto de la cub. original
Nota libre -- Enc. en un vol. facticio
Holdings
Estatus retirado Estado de pérdida Estado de daño No para préstamo Colección Biblioteca de origen Biblioteca actual Ubicación en estantería Fecha de adquisición Fuente de adquisición Total de préstamos Signatura topográfica completa Código de barras Visto por última vez Precio de reemplazo Tipo de ítem Koha
        Libros del s. XIX Biblioteca del Ateneo de Madrid Biblioteca del Ateneo de Madrid Galería 17/01/2008     C-1880(6) 1165887 23/02/2023 23/02/2023 Libro impreso antiguo